000 01394nam a2200385Ia 4500
001 ebr10412599
003 CaPaEBR
006 m u
007 cr cn|||||||||
008 091229s2010 njua sb 001 0 eng d
010 _z 2009051021
020 _z9780470997512
040 _aCaPaEBR
_cCaPaEBR
035 _a(OCoLC)671396044
050 1 4 _aTA418.9.N35
_bL69 2010eb
082 0 4 _a620/.5
_222
245 0 0 _aLow-dimensional solids
_h[electronic resource] /
_cedited by Duncan W. Bruce, Dermot O'Hare, Richard I. Walton.
260 _aHoboken, N.J. :
_bWiley,
_c2010.
300 _ax, 294 p. :
_bill.
490 1 _aInorganic materials series
504 _aIncludes bibliographical references and index.
533 _aElectronic reproduction.
_bPalo Alto, Calif. :
_cebrary,
_d2010.
_nAvailable via World Wide Web.
_nAccess may be limited to ebrary affiliated libraries.
650 0 _aNanotubes.
650 0 _aNanowires.
650 0 _aMetallic oxides.
650 0 _aInorganic compounds.
650 0 _aSuperconducting composites.
655 7 _aElectronic books.
_2local
700 1 _aBruce, Duncan W.
700 1 _aO'Hare, Dermot.
700 1 _aWalton, Richard I.
710 2 _aebrary, Inc.
830 0 _aInorganic materials.
856 4 0 _uhttp://site.ebrary.com/lib/rucke/Doc?id=10412599
_zAn electronic book accessible through the World Wide Web; click to view
999 _c188868
_d188868